000 00750cas a22002055a 4500
001 L146251
008 081219n1990 xxk x p s 0 a0eng d
035 _a(Sirsi) u146251
041 0 _aeng
050 _a333.33 $2 18
110 2 _aInvestment Property Databank
_92288
245 0 0 _aVariance in valuations
260 _aLondon
_bIPD
_c1990
362 0 _a1990-2003 (incomplete holdings)
520 _aUsing a sample of UK commercial property sales, presents data showing the variance between property market valuations and market transactions. Tables. Includes some data from 1982 onwards.
650 2 4 _aVARIANCE IN VALUATIONS
651 4 _aUnited Kingdom
_y
690 _aPROPERTY-COMMERCIAL PROPERTY-COMMERCIAL PROPERTY MARKET
942 _n0
999 _c119212
_d119212